The difference maker : (Record no. 6825)
[ view plain ]
| 000 -LEADER | |
|---|---|
| fixed length control field | 01591cam a22003494a 4500 |
| 001 - CONTROL NUMBER | |
| control field | 14279082 |
| 003 - CONTROL NUMBER IDENTIFIER | |
| control field | OSt |
| 005 - DATE AND TIME OF LATEST TRANSACTION | |
| control field | 20140310181917.0 |
| 008 - FIXED-LENGTH DATA ELEMENTS--GENERAL INFORMATION | |
| fixed length control field | 060227s2006 tnu b 000 0 eng |
| 010 ## - LIBRARY OF CONGRESS CONTROL NUMBER | |
| LC control number | 2006006618 |
| 020 ## - INTERNATIONAL STANDARD BOOK NUMBER | |
| International Standard Book Number | 0785260986 (hardcover) |
| 040 ## - CATALOGING SOURCE | |
| Original cataloging agency | DLC |
| Transcribing agency | DLC |
| Modifying agency | DLC |
| 042 ## - AUTHENTICATION CODE | |
| Authentication code | pcc |
| 050 00 - LIBRARY OF CONGRESS CALL NUMBER | |
| Classification number | BF 327 |
| Item number | .M39 2006 |
| 082 00 - DEWEY DECIMAL CLASSIFICATION NUMBER | |
| Classification number | TR 650.1 |
| Item number | M45 2006 |
| 100 1# - MAIN ENTRY--PERSONAL NAME | |
| Personal name | Maxwell, John C., |
| Dates associated with a name | 1947- |
| 9 (RLIN) | 1162 |
| 245 14 - TITLE STATEMENT | |
| Title | The difference maker : |
| Remainder of title | making your attitude your greatest asset / |
| Statement of responsibility, etc | John C. Maxwell. |
| 260 ## - PUBLICATION, DISTRIBUTION, ETC. (IMPRINT) | |
| Place of publication, distribution, etc | Nashville : |
| Name of publisher, distributor, etc | Nelson Business, |
| Date of publication, distribution, etc | c2006. |
| 300 ## - PHYSICAL DESCRIPTION | |
| Extent | 184 p. ; |
| Dimensions | 19 cm. |
| 504 ## - BIBLIOGRAPHY, ETC. NOTE | |
| Bibliography, etc | Includes bibliographical references (p. [179]-182). |
| 505 0# - FORMATTED CONTENTS NOTE | |
| Formatted contents note | Where did you get your attitude? -- What your attitude cannot do for you -- What your attitude can do for you -- How to make your attitude your greatest asset -- The big five attitude obstacles -- Discouragement -- Change -- Problems -- Fear -- Failure -- The difference maker in your life can help you make a difference in the lives of others. |
| 521 ## - TARGET AUDIENCE NOTE | |
| Target audience note | |
| 541 ## - IMMEDIATE SOURCE OF ACQUISITION NOTE | |
| -- | 1 |
| 562 ## - COPY AND VERSION IDENTIFICATION NOTE | |
| Number of copies | 1 |
| 650 #0 - SUBJECT ADDED ENTRY--TOPICAL TERM | |
| Topical term or geographic name as entry element | Attitude (Psychology) |
| 9 (RLIN) | 1163 |
| 650 #0 - SUBJECT ADDED ENTRY--TOPICAL TERM | |
| Topical term or geographic name as entry element | Success. |
| 9 (RLIN) | 730 |
| 856 41 - ELECTRONIC LOCATION AND ACCESS | |
| Materials specified | Table of contents only |
| Uniform Resource Identifier | <a href="http://www.loc.gov/catdir/toc/ecip069/2006006618.html">http://www.loc.gov/catdir/toc/ecip069/2006006618.html</a> |
| 856 42 - ELECTRONIC LOCATION AND ACCESS | |
| Materials specified | Publisher description |
| Uniform Resource Identifier | <a href="http://www.loc.gov/catdir/enhancements/fy0632/2006006618-d.html">http://www.loc.gov/catdir/enhancements/fy0632/2006006618-d.html</a> |
| 906 ## - LOCAL DATA ELEMENT F, LDF (RLIN) | |
| a | 7 |
| b | cbc |
| c | orignew |
| d | 1 |
| e | ecip |
| f | 20 |
| g | y-gencatlg |
| 942 ## - ADDED ENTRY ELEMENTS (KOHA) | |
| Source of classification or shelving scheme | Library of Congress Classification |
| Koha item type | |
| Call number prefix | |
| Withdrawn status | Lost status | Source of classification or shelving scheme | Damaged status | Home library | Current library | Shelving location | Date acquired | Source of acquisition | Total Checkouts | Total Renewals | Full call number | Barcode | Date last seen | Date checked out | Copy number | Price effective from | Koha item type | Public note |
|---|---|---|---|---|---|---|---|---|---|---|---|---|---|---|---|---|---|---|
| Library of Congress Classification | Luxembourg Library | Luxembourg Library | Teachers Reference Section | 07/17/2013 | Donation | 2 | 5 | BF 327 .M39 2006 | 17480 | 06/04/2015 | 02/03/2015 | 1 | 07/17/2013 | Books | lost and paid by Ms. Ann Coleman 06-04-2015 |